[Event "Regionalliga NO 0102"]
[Site "Bayern"]
[Date "2002.01.20"]
[Round "4.8"]
[White "Schemm, Heiko"]
[Black "Kendzia, Nikolai"]
[Result "1-0"]
[WhiteElo "1925"]
[BlackElo "1925"]
[PlyCount "53"]
[EventDate "2001.10.07"]
[EventType "team-tourn"]
[EventRounds "9"]
[EventCountry "GER"]
[SourceTitle "EXT 2003"]
[Source "ChessBase"]
[SourceDate "2002.11.25"]
[SourceVersion "1"]
[SourceVersionDate "2002.11.25"]
[SourceQuality "1"]
[WhiteTeam "Puschendorf"]
[BlackTeam "Postbauer Heng"]
[WhiteTeamCountry "GER"]
[BlackTeamCountry "GER"]

1. d4 Nf6 2. Nf3 g6 3. g3 Bg7 4. Bg2 0-0 5. 0-0 d5 6. Bf4 Nh5 7. Nbd2 Nxf4 8. gxf4 Nd7 9. Rc1 c5 10. c3 Qc7 11. e3 c4 12. Ne5 Nf6 13. b3 b5 14. a4 a6 15. bxc4 bxc4 16. Ndxc4 Rb8 17. Nd2 Bf5 18. c4 Rfc8 19. cxd5 Qxc1 20. Qxc1 Rxc1 21. Rxc1 Rb2 22. Ndc4 Rb4 23. Nc6 Rxa4 24. Nxe7+ Kf8 25. Nxf5 gxf5 26. d6 Rb4 27. Nb6 1-0

[Event "Regionalliga NO 0102"]
[Site "Bayern"]
[Date "2001.11.11"]
[Round "2.8"]
[White "Luther, Helmut"]
[Black "Kendzia, Nikolai"]
[Result "1-0"]
[WhiteElo "1950"]
[BlackElo "1925"]
[PlyCount "75"]
[EventDate "2001.10.07"]
[EventType "team-tourn"]
[EventRounds "9"]
[EventCountry "GER"]
[SourceTitle "EXT 2003"]
[Source "ChessBase"]
[SourceDate "2002.11.25"]
[SourceVersion "1"]
[SourceVersionDate "2002.11.25"]
[SourceQuality "1"]
[WhiteTeam "Nuernberg Sued SW"]
[BlackTeam "Postbauer Heng"]
[WhiteTeamCountry "GER"]
[BlackTeamCountry "GER"]

1. d4 Nf6 2. c4 c5 3. d5 b5 4. a4 bxc4 5. Nc3 d6 6. e4 g6 7. Bxc4 Bg7 8. Nge2 0-0 9. 0-0 Ng4 10. f4 Na6 11. h3 Nf6 12. Ng3 Nb4 13. Qe2 Qa5 14. e5 Ne8 15. e6 f5 16. Bd2 Nf6 17. Rad1 Rb8 18. b3 Ba6 19. Nb5 Bxb5 20. axb5 Qb6 21. Be1 Nfxd5 22. Bxd5 Bd4+ 23. Rxd4 cxd4 24. Bxb4 d3+ 25. Qf2 Qxb5 26. Bxd6 Qxd5 27. Bxb8 Rxb8 28. Qxa7 Rxb3 29. Qxe7 Rb7 30. Qe8+ Kg7 31. e7 Qc5+ 32. Kh2 Rxe7 33. Qd8 Re3 34. Rd1 Qc3 35. Nf1 Re4 36. Rxd3 Qc1 37. Rd7+ Kh6 38. Qf8+ 1-0